Finansy SSSR Ježemesjačnyj teoretičeskij i naučno-praktičeskij žurnal

Enregistré dans:
Détails bibliographiques
Format: Publication en série
Langue:russe
Publié: Moskva Finansy i statistika 1986
Tags: Ajouter un tag
Pas de tags, Soyez le premier à ajouter un tag!

MARC

LEADER 00000nas2a2200000 4500
001 s039120
005 20250730114150.3
041 0 |a rus 
044 |a RU 
245 1 0 |a Finansy SSSR  |b Ježemesjačnyj teoretičeskij i naučno-praktičeskij žurnal 
264 1 |a Moskva  |b Finansy i statistika  |c 1986 
300 |a 1 zv. 
773 0 |w eu_un_cat*s120704